00450 a2200157 450000500170000001000150001702000260003203500140005803700090007208200110008110000180009224500490011026000450015927000620020430000260026620250113160020.0 aENG-143352 a9788186772782c610.00 aEN-126884 bDBAD a305.42 aSharma, Gopal aWomen Empowerment in India/cby Gopal Sharma aNew DelhibNew Academic Publishersc2015 a4760-61, 23, Ansari Road, DaryaganjbDelhicDelhie110002 a223 p. ;c22 cm. (Hb)